Archaeology of the Meroitic state : new perspectives on its social and political organisation
Saved in:
| Main Author: | |
|---|---|
| Format: | Book |
| Language: | English |
| Published: |
Oxford :
Tempus Repertoratum,
1996
|
| Series: | Cambridge monographs in African archaeology ;
; 38 BAR international series ; ; 640 |
| Subjects: | |
| Tags: |
Add Tag
No Tags, Be the first to tag this record!
|
MARC
| LEADER | 00000nam a2200000 i 4500 | ||
|---|---|---|---|
| 001 | 1/15125 | ||
| 008 | 010110s1996 eng d | ||
| 020 | |a 0-86054-825-2 | ||
| 035 | |l 10065272 | ||
| 040 | |a GR-MY-UA |b gre |e aacr | ||
| 041 | 0 | |a eng | |
| 082 | 0 | |a 939.78 | |
| 100 | 1 | |a Edwards, David N. | |
| 245 | 1 | 0 | |a Archaeology of the Meroitic state : |b new perspectives on its social and political organisation / |c David N. Edwards |
| 260 | |a Oxford : |b Tempus Repertoratum, |c 1996 | ||
| 300 | |a v, 136 p. |b ill. | ||
| 490 | 1 | |a Cambridge monographs in African archaeology |v ; 38 | |
| 490 | 1 | |a BAR international series |v ; 640 | |
| 504 | |a Includes bibliographical references (p. 118-136) | ||
| 650 | 0 | 0 | |a Excavations (Archaeology) |z Sudan. |
| 651 | 0 | |a Meroe (Extinct city) | |
| 651 | 0 | |a Sudan |x Antiquities. | |
| 830 | 0 | |a Cambridge monographs in African archaeology ; |v ; 38 | |
| 830 | 0 | |a BAR international series ; |v ; 640 | |
| 852 | |a INST |b LESVOS |e 20010110 |h 939.78 EDW |p 005100028969 |q 005100028969 |t BK |y 0 | ||
| 901 | |a BIBL1-2001-1 | ||
| 909 | |a Λ |b 084295 | ||
| 922 | |a 1ΕΛΗ |b 200012 |c ΤΑΚ/ΤΓ |d ΜΙΧΑΛΟΠΟΥΛΟΣ | ||
| 950 | |a 118-1999-09-03 | ||
| 970 | |a ΤΖΑΦΕΡΗ |b ΕΥΑΓΓΕΛΙΑ |z 2001/04/10 | ||